Alle innerhalb der UN strittigen Länder - Statistiken

Allgemein
  • Dieses Quiz wurde 140 mal gespielt
  • Das Durchschnittsergebnis liegt bei 5 aus 8
Antwortstatistiken
Bildquiz Hint Antwort % Korrekt
115/193 Republik Kosovo
98%
22/193 Republik China
92%
138/193 Staat Palästina
86%
48/193 Demokratische Arabische Republik Sahara
47%
52/193 Cookinseln
46%
20/193 Niue
39%
5/193 Republik Abchasien
38%
5/193 Republik Südossetien
35%
Keine übereinstimmenden Quizze gefunden
Verteilung der Resultate
Anzahl Personen mit jedem Resultat
Perzentil nach korrekt beantworteten Fragen
Ihre Resultats-Entwicklung
Sie haben dieses Quiz noch nicht gespielt